Memorias de la Academia Mexicana de la Historia : correspondiente de la Real de Madrid : octubre-diciembre de 1962 /

Esta publicación es el órgano de la Academia Mexicana de la Historia, fundada en México en 1919. En ella se presentan investigaciones

Gardado en:
Detalles Bibliográficos
Outros autores: Romero de Terreros y Vinent, Manuel (dirección) (dirección)
Formato: Libro
Idioma:Lingua castelá
Temas:
Etiquetas: Engadir etiqueta
Sen Etiquetas, Sexa o primeiro en etiquetar este rexistro!

MARC

LEADER 00000nam^a2200000^a^4500
001 000116453
005 20250521000000.0
009 20260310094128.978
037 |a Acervo ITESO - Biblioteca 
041 |a ESP 
082 |a 972. 005  |b MEM 1962 V. 4 
240 1 1 |a [Memorias de la Academia Mexicana de la Historia] 
245 1 0 |a Memorias de la Academia Mexicana de la Historia :  |b correspondiente de la Real de Madrid : octubre-diciembre de 1962 /  |c Dir. de M. Romero de Terreros y Vinent. 
264 |a México :  |b Academia Mexicana de la Historia,  |c 1962 
300 |a p. 313-428 
336 |a texto  |b txt  |2 rdacontenido 
337 |a sin mediación  |b n  |2 rdamedio 
338 |a volumen  |b nc  |2 rdasoporte 
520 |a Esta publicación es el órgano de la Academia Mexicana de la Historia, fundada en México en 1919. En ella se presentan investigaciones 
520 |a enfocadas principalmente a la historia de México y de España. En este número se encuentra un homenaje póstumo al historiador Alberto María Carreño, como parte del mismo, incluyen dos estudios del investigador: Opulencia y pobreza de Borda y Sensaciones inolvidables. Además una disertación sobre la figura de Lionnel Waffer. 
649 |a XX 
650 |a México -  |x Historia -  |x Publicaciones Periódicas 
650 |a España -  |x Historia -  |x Publicaciones Periódicas Mexicanas 
650 |a Historiadores Mexicanos -  |x Homenajes 
650 |a Historiadores Mexicanos -  |x Biografías 
650 |a Historiadores Mexicanos -  |x Memorias 
650 |a Economistas Mexicanos -  |x Homenajes 
650 |a Economistas Mexicanos -  |x Biografías 
650 |a Economistas Mexicanos -  |x Memorias 
650 |a Escritores Mexicanos -  |x Homenajes 
650 |a Escritores Mexicanos -  |x Biografías 
650 |a Escritores Mexicanos -  |x Memorias 
650 |a México -  |x Historia 
650 |a Mineros Franceses 
650 |a Benefactores Sociales Franceses 
650 |a Arquitectura Religiosa -  |z México 
650 |a Arquitectura Mexicana 
650 |a México -  |x Historia -  |y Siglo XVIII 
650 |a Médicos Ingleses 
650 |a Piratas Ingleses 
650 |a Escritores Ingleses -  |x Biografías 
650 |a Literatura Inglesa -  |y Siglo XVII 
650 |a Literatura Inglesa -  |x Historia y Crítica 
650 |a Waffer, Lionnel 
700 |a Romero de Terreros y Vinent, Manuel  |e (dirección) 
910 |a Fondo Salvador Reynoso Reynoso 
920 |a Impresos - Libros 
930 |a Fondos Especiales 
905 |a 112 
901 |a 0800003282  |b IT2  |c ESP  |u 20250521 
902 |a https://opac.biblio.iteso.mx/vufind/Record/000116453